000 00450nam a2200157Ia 4500
008 240729s9999 xx 000 0 und d
022 _a2541-2205
245 0 _aIndonesian Journal of Combinatorics
260 _aIndonesia
260 _bInaCombS; Universitas Jember; dan Universitas Indonesia
650 _a Mathematics
650 _aScience
856 _uhttps://doaj.org/toc/a0214413097048c09850bb4c03d50e7c
942 _2ddc
942 _cDOAJEJ
999 _c66138
_d66138
945 _a1
_bMadushi Gamage
_c1
_dMadushi Gamage